La revolución sandinista y el estado de transición al socialismo
Plantea algunas cuestiones con respecto a la revolución nicaragüense y la transición al socialismo - Hace un esbozo de la historia económica y social del país y de las intervenciones norteamericanas. Destaca el carácter de la lucha contra el somocismo y su vanguardización por el Frente Sandinista de...
Gorde:
| Egile nagusia: | |
|---|---|
| Formatua: | Texto |
| Argitaratua: |
Tegucigalpa:
UNAH
|
| Etiketak: |
Etiketa erantsi
Etiketarik gabe, Izan zaitez lehena erregistro honi etiketa jartzen!
|
MARC
| LEADER | 00000 a a2200000 04500 | ||
|---|---|---|---|
| 001 | 20718 | ||
| 003 | |||
| 040 | |||
| 090 | |a 088000 | ||
| 100 | |a Isajla, José Róger | ||
| 245 | |a La revolución sandinista y el estado de transición al socialismo | ||
| 260 | |a Tegucigalpa: |b UNAH | ||
| 300 | |a 32 p. | ||
| 520 | |a Plantea algunas cuestiones con respecto a la revolución nicaragüense y la transición al socialismo - Hace un esbozo de la historia económica y social del país y de las intervenciones norteamericanas. Destaca el carácter de la lucha contra el somocismo y su vanguardización por el Frente Sandinista de Liberación Nacional (FSLN). Elabora una hipótesis en relación con el desarrollo, el estado actual y las perspectivas de la revolución. Señala que en la actual etapa el estado asume un carácter revolucionario antiimperialista, democrático, antioligárquico y popular, que crea las premisas indispensables para el avance hacia el estado de transición al socialismo. Teoriza en torno al estado, la revolución y el carácter que ha adquirido el proceso revolucionario | ||
| 999 | |c 16274 |d 16274 | ||
